00513nam a2200157 i 4500001000700000003000900007005001700016008004100033080001100074245005400085260009900139300002300238610003700261710003600298852002100334180969ES-MaACL20250831062449.0120918s1942 sp |||| | spa d a262.1300aColección de encíclicas y cartas pontificias. aMadrid : bSecretariado de Publicaciones de la Junta Técnica Nacional de la A.C.E., c[1942] a1778 p. ; c18 cm.27aIglesia Católica-xDoctrinas22 aAcción Católica Española. aES-MaACLjD-1636